Znaki zodiaku alfabetycznie - Statystyki

Ogólne statystyki
  • Ten quiz został rozwiązany 177 razy
  • Średni wynik to 10 z 12
Statystyki odpowiedzi
Odpowiedź % Poprawnych
Baran
99%
Bliźnięta
94%
Byk
94%
Koziorożec
84%
Lew
82%
Panna
82%
Rak
81%
Wodnik
79%
Strzelec
78%
Waga
77%
Skorpion
76%
Ryby
75%
Nie znaleziono quizów pasujących do podanych kryteriów
Rozkład punktacji
Procent ludzi z każdym wynikiem
Percentyl według liczby udzielonych odpowiedzi
Twoja historia wyników
Nie rozwiązałeś tego quizu